دفاع عن محمد ضد المنتقصين من قدره/ (Record no. 7240)
[ view plain ]
| 000 -الفاتح | |
|---|---|
| حقل البيانات ثابتة الطول | 00931nac a22001931u 4500 |
| 008 - عناصر البيانات ثابتة الطول - معلومات عامة | |
| حقل البيانات ثابتة الطول | 100725s xxu||||| |||| 001 0 ara d |
| 082 ## - رقم تصنيف ديوى العشرى | |
| رقم التصنيف | 239 |
| رقم المادة | ب د و |
| رقم الطبعة | 22 |
| 100 ## - المدخل الرئيسى - إسم شخصى | |
| الإسم الشخصى | بدوي،عبد الرحمن |
| 9 (RLIN) | 16353 |
| 245 ## - بيان العنوان | |
| العنوان | دفاع عن محمد ضد المنتقصين من قدره/ |
| بيان المسئوليه,etc | تأليف عبد الرحمن بدوي ؛ ترجمة كمال جاد الله |
| 260 ## - PUBLICATION, DISTRIBUTION, ETC. (IMPRINT) | |
| مكان الناشر او الموزع | [القاهرة] |
| اسم الناشر او الموزع | الدار العالمية للكتب والنشر، |
| تاريخ النشر أو التوزيع | [1999?] |
| 300 ## - الوصف المادى | |
| التعداد | 207 ص ؛ |
| أبعاد الوعاء | 24 سم |
| 504 ## - تبصرة ببليوجرافية | |
| تبصرة ببليوجرافية,الخ | يحتوي على ارجاعات ببليوجرافية وكشاف |
| 511 ## - | |
| -- | Catalogued by: Sara |
| 541 ## - تبصرة المصدر المباشر للتزويد | |
| مصدر التزويد | ألف باء ; |
| طريقة التزويد | شراء ; |
| 600 ## - المدخل الاضافى بالموضوع-اسم شخصى | |
| 9 (RLIN) | 16704 |
| الإسم الشخصى | محمد بن عبد الله بن عبد المطلب |
| العنوان والكلمات الأخرى المصاحبة للاسم | رسول الله صلى الله عليه وسلم |
| 650 ## - المدخل الاضافى بالموضوع-مصطلح موضوعى | |
| مصطلح موضوعي أو اسم جغرافي كعنصر مدخل | الإسلام |
| 9 (RLIN) | 14347 |
| التقسيم الفرعي العام | دفع مطاعن |
| 700 ## - المدخل الاضافى - اسم شخصى | |
| الإسم الشخصى | جاد الله ، كمال |
| 9 (RLIN) | 16700 |
| 942 ## - عناصر المدخل الإضافي( كوها) | |
| Koha [default] item type | Book - Borrowing |
| سابقة رقم الطلب | 239 ب د و |
| مصدر التصنيف او مخطط الترفيف | Dewey Decimal Classification |
| حالة التراجع | حالة الفقد | مصدر التصنيف او خطة الترفيف | حالة تلف | ليس للاعارة | مجموعات كوها | المكان الدائم | المكان الحالي | موقع الترفيف | تاريخ الاكتساب | Source of acquisition | رقم الاستدعاء | الباركود | Date last seen | مُعار | نوع الوعاء |
|---|---|---|---|---|---|---|---|---|---|---|---|---|---|---|---|
| Dewey Decimal Classification | Alef-Baa | Central Library | Central Library | Lower Floor | 25/07/2010 | 239 ب د و | 000008686 | 15/07/2025 | 21/04/2011 | Book - Borrowing |